Derecho comparado de la información /

Contiene: Régimen constitucional de las libertades de expresión e información en los países del mundo; Régimen jurídico de la televisión privada en Europa e Iberoamérica; Los subsidios del Estado a los medios de información en el derecho comparado; El secreto profesional y su regulación normativa en...

Descripción completa

Guardado en:
Detalles Bibliográficos
Autor principal: Villanueva, Ernesto (autor)
Formato: Libro
Idioma:Español
Publicado: México : Universidad Iberoamericana, Plantel Santa Fe : Fundación Konrad Adenauer : Miguel Angel Porrúa, 2002, c2002
Temas:
Etiquetas: Agrega una etiqueta
Sin etiquetas, Sé el primero en etiquetar este registro!

MARC

LEADER 00000nam^a2200000^a^4500
001 000164119
005 20250521000000.0
009 20260310100932.456
020 |a 970-701-222-6 
037 |a Acervo ITESO - Biblioteca 
041 |a ESP 
082 |a 343. 0995  |b VIL 
100 |a Villanueva, Ernesto  |e (autor) 
245 1 0 |a Derecho comparado de la información /  |c E. Villanueva. 
264 4 |a México :  |b Universidad Iberoamericana, Plantel Santa Fe :  |b Fundación Konrad Adenauer :  |b Miguel Angel Porrúa,  |c 2002, c2002 
300 |a 625 p. 
336 |a texto  |b txt  |2 rdacontenido 
337 |a sin mediación  |b n  |2 rdamedio 
338 |a volumen  |b nc  |2 rdasoporte 
520 |a Contiene: Régimen constitucional de las libertades de expresión e información en los países del mundo; Régimen jurídico de la televisión privada en Europa e Iberoamérica; Los subsidios del Estado a los medios de información en el derecho comparado; El secreto profesional y su regulación normativa en el derecho comparado. 
649 |a XX 
650 |a Libertad de Expresión -  |x Aspectos Jurídicos 
650 |a Televisión Comercial -  |x Aspectos Jurídicos 
650 |a Medios de Comunicación y Estado -  |x Aspectos Jurídicos 
650 |a Medios de Comunicación -  |x Aspectos Jurídicos 
650 |a Comunicación y Política -  |x Aspectos Jurídicos 
650 |a Comunicación Masiva -  |x Aspectos Jurídicos 
650 |a Etica Periodística 
650 |a Etica Profesional 
650 |a Derecho a la Información 
650 |a Derecho Público 
650 |a Derecho Comparado 
910 |a Fondo General 
920 |a Impresos - Libros 
930 |a Colección General 
905 |a 101 
901 |a 0500098238  |b IT1  |c ACC  |u 20250521 
901 |a 0500105206  |b IT1  |c ACC  |u 20250521 
902 |a https://opac.biblio.iteso.mx/vufind/Record/000164119